LEADER 01210nam a2200277 i 4500 001 000000153821 003 CaOOAMICUS 005 20061003000000.0 008 061003s2006 fr u000 u fre u 013 $a131164 020 $a2-204-08168-9 040 $aSeMil$bita 100 1 $aSesboüé, Bernard,$c.$0(OLS)http://semarc/name/703 245 10$aYves de Montcheuil :$b(1900-1944) : précurseur en théologie /$cBernard Sesboüé. 260 $aParis :$bLes Éditions du Cerf,$c2006. 300 $a429 p. :$b[1] ritr. ;$c22 cm. 490 0 $aCogitatio Fidei [Cerf]v255 500 $aContiene : Bibliographie. 650 4$aMontcheuil, Yves : de <1900-1944> - Teologia.$0(OLS)http://semarc/subject/30086 830 0$aCogitatio Fidei ;$v255.$0(OLS)http://semarc/title/206 850 $aSeMil 852 $aSeMil$W1$xVenegono$y1$m2BA N 255$j105706$B105706$CSeMilBibl$Z2$F114916 $81 961 $aSottoscrizione: SODIS 996 $6020$a2-204-08168-9$9(OLS)http://semarc/number/143677 996 $6245$aYves de Montcheuil :$b(1900-1944) : précurseur en théologie$9(OLS)http://semarc/title/225058 996 $6260$aParis :$bLes Éditions du Cerf$9(OLS)http://semarc/publisher/29611 LEADER 01393nam a2200217 4500 001 000000353498 003 CaOOAMICUS 005 20230417133205.0 008 230417s1907 it 000 u ita r 040 $aSeMil$bita 100 1 $aFerraris, Carlo Francesco <1850-1924>.$0(OLS)http://semarc/name/68520 245 13$aLa Cassa Nazionale di Previdenza per la invalidità e per la vecchiaia degli operai :$bconferenza popolare tenuta il 7 aprile 1907 nella sala della Fenice in Venezia dal prof. Carlo F. Ferraris : resoconto stenografico col nuovo testo unico di legge. 264 1$aVenezia :$bPrem. Officine Grafiche di C. Ferrari,$c1907. 300 $a44 p. ;$c24 cm 500 $aIn copertina: Cassa nazionale di previdenza per gli operai, sede centrale in Roma 650 4$aCassa Nazionale di Previdenza.$0(OLS)http://semarc/subject/50407 850 $aSeMil 852 $aSeMil$W1$xVenegono$y1$m5A IV 2/26$j239554$B244689$CSeMilBibl$Z2$F244689 $81 996 $6245$aLa Cassa Nazionale di Previdenza per la invalidità e per la vecchiaia degli operai :$bconferenza popolare tenuta il 7 aprile 1907 nella sala della Fenice in Venezia dal prof. Carlo F. Ferraris : resoconto stenografico col nuovo testo unico di legge$9(OLS)http://semarc/title/443555 996 $6264$aVenezia :$bPrem. Officine Grafiche di C. Ferrari$9(OLS)http://semarc/publisher/60938